000 00794nam a2200241Ia 4500
003 OSt
005 20220923214942.0
006 a|||||r|||| 00| 0
007 ta
008 220922b |||||||| |||| 00| 0 hin d
024 _a174,089
037 _cTextual
040 _aARTS
_cARTS
_bhin
041 _2hin
_ahin
082 _aO152:1NKAN2x, K4
100 _aसिंह, कन्हैया प्रसाद
_9160180
245 0 _aमखमली जूती
246 _aMakhamalī jūtī
260 _aबंगरहटा
_b साघान ग्रन्थमाला प्रकाशन
_c1964
300 _a84पृ.
_ccm.
942 _hO152:1NKAN2x, K4
_cTEXL
_2CC
999 _c327906
_d327906